<?xml version='1.0' encoding='UTF-8'?>
  <record xmlns="http://www.loc.gov/MARC21/slim">
    <leader>00000cam a22000001i 4500</leader>
    <controlfield tag="001">ocm02878909</controlfield>
    <controlfield tag="003">OCoLC</controlfield>
    <controlfield tag="005">20250923053323.4</controlfield>
    <controlfield tag="008">770426s1854    enkaf         001 0 eng  </controlfield>
    <datafield tag="010" ind1=" " ind2=" ">
      <subfield code="a">   12015019 </subfield>
    </datafield>
    <datafield tag="040" ind1=" " ind2=" ">
      <subfield code="a">DLC</subfield>
      <subfield code="b">eng</subfield>
      <subfield code="e">rda</subfield>
      <subfield code="c">COO</subfield>
      <subfield code="d">DLC</subfield>
      <subfield code="d">OCLCQ</subfield>
      <subfield code="d">OCLCG</subfield>
      <subfield code="d">OCLCF</subfield>
      <subfield code="d">OCLCQ</subfield>
      <subfield code="d">OCLCO</subfield>
      <subfield code="d">EUW</subfield>
      <subfield code="d">OCLCQ</subfield>
      <subfield code="d">TUFTV</subfield>
      <subfield code="d">SUTRO</subfield>
      <subfield code="d">OCLCO</subfield>
      <subfield code="d">OCL</subfield>
      <subfield code="d">OCLCO</subfield>
      <subfield code="d">OCLCA</subfield>
      <subfield code="d">OCLCQ</subfield>
      <subfield code="d">NTE</subfield>
      <subfield code="d">OCLCO</subfield>
      <subfield code="d">OCLCL</subfield>
      <subfield code="d">OCLCO</subfield>
      <subfield code="d">OCLCL</subfield>
      <subfield code="d">OCLCO</subfield>
    </datafield>
    <datafield tag="029" ind1="1" ind2=" ">
      <subfield code="a">NLGGC</subfield>
      <subfield code="b">822661861</subfield>
    </datafield>
    <datafield tag="035" ind1=" " ind2=" ">
      <subfield code="a">(OCoLC)2878909</subfield>
    </datafield>
    <datafield tag="050" ind1="0" ind2="0">
      <subfield code="a">SF745</subfield>
      <subfield code="b">.B63</subfield>
    </datafield>
    <datafield tag="082" ind1="0" ind2="4">
      <subfield code="a">636.089</subfield>
      <subfield code="q">OCoLC</subfield>
      <subfield code="2">21/eng/20230216</subfield>
      <subfield code="1">https://id.oclc.org/worldcat/ddc/E3cBcVYDHQMvGJP8hBYjgDxx7j</subfield>
    </datafield>
    <datafield tag="096" ind1=" " ind2=" ">
      <subfield code="a">SF 745</subfield>
      <subfield code="b">B63 1854</subfield>
    </datafield>
    <datafield tag="100" ind1="1" ind2=" ">
      <subfield code="a">Blaine, Delabere P.</subfield>
      <subfield code="q">(Delabere Pritchett),</subfield>
      <subfield code="e">author.</subfield>
      <subfield code="1">https://id.oclc.org/worldcat/entity/E39PBJxhm9GWd3DrVq8RdyvPwC</subfield>
    </datafield>
    <datafield tag="245" ind1="1" ind2="0">
      <subfield code="a">Blaine's Outlines of the veterinary art :</subfield>
      <subfield code="b">or, A treatise on the anatomy, physiology, and curative treatment of the diseases of the horse, and, subordinately, of those of neat cattle and sheep : illustrated by surgical and anatomical plates.</subfield>
    </datafield>
    <datafield tag="246" ind1="3" ind2=" ">
      <subfield code="a">Outlines of the veterinary art</subfield>
    </datafield>
    <datafield tag="246" ind1="3" ind2=" ">
      <subfield code="a">Treatise on the anatomy, physiology, and curative treatment of the diseases of the horse</subfield>
    </datafield>
    <datafield tag="250" ind1=" " ind2=" ">
      <subfield code="a">Sixth edition, revised throughout, and considerably improved, by the introduction of many important subjects both in the foreign and British practice of the art,</subfield>
      <subfield code="b">by Edward Mayhew ...</subfield>
    </datafield>
    <datafield tag="264" ind1=" " ind2="1">
      <subfield code="a">London :</subfield>
      <subfield code="b">Longman, Brown, and Co. ;</subfield>
      <subfield code="b">Simpkin, Marshall, and Co. ;</subfield>
      <subfield code="b">Hamilton, Adams, and Co. ;</subfield>
      <subfield code="b">Whittaker and Co. ;</subfield>
      <subfield code="b">Houlston and Co. ;</subfield>
      <subfield code="b">H. Renshaw ;</subfield>
      <subfield code="b">J. Churchill ;</subfield>
      <subfield code="b">H.G. Bohn ;</subfield>
      <subfield code="b">R. Griffin and Co. ;</subfield>
      <subfield code="b">and S. Highley. ;</subfield>
      <subfield code="a">Edinburgh :</subfield>
      <subfield code="b">Maclachlan and Stewart.,</subfield>
      <subfield code="c">1854.</subfield>
    </datafield>
    <datafield tag="264" ind1=" " ind2="3">
      <subfield code="a">London :</subfield>
      <subfield code="b">Gilbert and Rivington, Printers, St. John's Square</subfield>
    </datafield>
    <datafield tag="300" ind1=" " ind2=" ">
      <subfield code="a">xv, 1 unnumbered page, 668 pages, x leaves of plates :</subfield>
      <subfield code="b">illustrations (some folded) ;</subfield>
      <subfield code="c">23 cm</subfield>
    </datafield>
    <datafield tag="336" ind1=" " ind2=" ">
      <subfield code="a">text</subfield>
      <subfield code="b">txt</subfield>
      <subfield code="2">rdacontent</subfield>
    </datafield>
    <datafield tag="337" ind1=" " ind2=" ">
      <subfield code="a">unmediated</subfield>
      <subfield code="b">n</subfield>
      <subfield code="2">rdamedia</subfield>
    </datafield>
    <datafield tag="338" ind1=" " ind2=" ">
      <subfield code="a">volume</subfield>
      <subfield code="b">nc</subfield>
      <subfield code="2">rdacarrier</subfield>
    </datafield>
    <datafield tag="500" ind1=" " ind2=" ">
      <subfield code="a">Includes index.</subfield>
    </datafield>
    <datafield tag="500" ind1=" " ind2=" ">
      <subfield code="a">Plates signed: "W. Bagg. ad nat. del. [and] H. Adlard, sc."</subfield>
    </datafield>
    <datafield tag="500" ind1=" " ind2=" ">
      <subfield code="a">Separate half title: "The veterinary materia medica; or, An alphabetical and descriptive list of the various medicinal articles at present employed in veterinary practice."</subfield>
    </datafield>
    <datafield tag="650" ind1=" " ind2="0">
      <subfield code="a">Veterinary medicine.</subfield>
    </datafield>
    <datafield tag="650" ind1=" " ind2="0">
      <subfield code="a">Horses</subfield>
      <subfield code="x">Diseases.</subfield>
    </datafield>
    <datafield tag="650" ind1=" " ind2="0">
      <subfield code="a">Cattle</subfield>
      <subfield code="x">Diseases.</subfield>
    </datafield>
    <datafield tag="650" ind1=" " ind2="2">
      <subfield code="a">Veterinary Medicine</subfield>
    </datafield>
    <datafield tag="650" ind1=" " ind2="2">
      <subfield code="a">Horse Diseases</subfield>
    </datafield>
    <datafield tag="650" ind1=" " ind2="2">
      <subfield code="a">Cattle Diseases</subfield>
    </datafield>
    <datafield tag="650" ind1=" " ind2="6">
      <subfield code="a">Médecine vétérinaire.</subfield>
    </datafield>
    <datafield tag="650" ind1=" " ind2="6">
      <subfield code="a">Chevaux</subfield>
      <subfield code="x">Maladies.</subfield>
    </datafield>
    <datafield tag="650" ind1=" " ind2="6">
      <subfield code="a">Bovins</subfield>
      <subfield code="x">Maladies.</subfield>
    </datafield>
    <datafield tag="650" ind1=" " ind2="7">
      <subfield code="a">veterinary medicine.</subfield>
      <subfield code="2">aat</subfield>
    </datafield>
    <datafield tag="650" ind1=" " ind2="7">
      <subfield code="a">Horses</subfield>
      <subfield code="x">Diseases</subfield>
      <subfield code="2">fast</subfield>
    </datafield>
    <datafield tag="650" ind1=" " ind2="7">
      <subfield code="a">Cattle</subfield>
      <subfield code="x">Diseases</subfield>
      <subfield code="2">fast</subfield>
    </datafield>
    <datafield tag="650" ind1=" " ind2="7">
      <subfield code="a">Veterinary medicine</subfield>
      <subfield code="2">fast</subfield>
    </datafield>
    <datafield tag="700" ind1="1" ind2=" ">
      <subfield code="a">Mayhew, Edward,</subfield>
      <subfield code="d">1813?-1868,</subfield>
      <subfield code="e">contributor.</subfield>
      <subfield code="1">https://id.oclc.org/worldcat/entity/E39PBJmtDxQwfBFVd6cqV4fTHC</subfield>
    </datafield>
    <datafield tag="700" ind1="1" ind2=" ">
      <subfield code="a">Bohn, Henry G.</subfield>
      <subfield code="q">(Henry George),</subfield>
      <subfield code="d">1796-1884,</subfield>
      <subfield code="e">publisher.</subfield>
      <subfield code="1">https://id.oclc.org/worldcat/entity/E39PBJvCMJTK67Tw6rTDXmxkXd</subfield>
    </datafield>
    <datafield tag="700" ind1="1" ind2=" ">
      <subfield code="a">Adlard, Henry,</subfield>
      <subfield code="e">engraver.</subfield>
    </datafield>
    <datafield tag="700" ind1="1" ind2=" ">
      <subfield code="a">Bagg, William,</subfield>
      <subfield code="e">illustrator.</subfield>
    </datafield>
    <datafield tag="710" ind1="2" ind2=" ">
      <subfield code="a">Longman, Brown &amp; Co.,</subfield>
      <subfield code="e">publisher.</subfield>
      <subfield code="1">https://id.oclc.org/worldcat/entity/E39QH7JmqTbJdJwHw4FVgpBGTR</subfield>
    </datafield>
    <datafield tag="710" ind1="2" ind2=" ">
      <subfield code="a">Simpkin, Marshall and Co.,</subfield>
      <subfield code="e">publisher.</subfield>
      <subfield code="1">https://id.oclc.org/worldcat/entity/E39QH7JmpTBGvbV7QcMwK6QJPF</subfield>
    </datafield>
    <datafield tag="710" ind1="2" ind2=" ">
      <subfield code="a">M'Lachlan and Stewart,</subfield>
      <subfield code="e">publisher.</subfield>
    </datafield>
    <datafield tag="710" ind1="2" ind2=" ">
      <subfield code="a">Hamilton, Adams &amp; Co.,</subfield>
      <subfield code="e">publisher.</subfield>
      <subfield code="1">https://id.oclc.org/worldcat/entity/E39QQPVp7WbvwWKHHcRrH4ffkt</subfield>
    </datafield>
    <datafield tag="710" ind1="2" ind2=" ">
      <subfield code="a">Whittaker &amp; Co.,</subfield>
      <subfield code="e">publisher.</subfield>
      <subfield code="1">https://id.oclc.org/worldcat/entity/E39QH7JmmHmrWhTXJMMGRvTJc6</subfield>
    </datafield>
    <datafield tag="710" ind1="2" ind2=" ">
      <subfield code="a">Houlston and Co.,</subfield>
      <subfield code="e">publisher.</subfield>
    </datafield>
    <datafield tag="710" ind1="2" ind2=" ">
      <subfield code="a">Gilbert &amp; Rivington,</subfield>
      <subfield code="e">printer.</subfield>
      <subfield code="1">https://id.oclc.org/worldcat/entity/E39QH7Jmqqxp8RycvD4tqPdgWt</subfield>
    </datafield>
    <datafield tag="740" ind1="4" ind2=" ">
      <subfield code="a">The veterinary materia medica</subfield>
    </datafield>
    <datafield tag="752" ind1=" " ind2=" ">
      <subfield code="a">Great Britain</subfield>
      <subfield code="b">England</subfield>
      <subfield code="d">London.</subfield>
    </datafield>
    <datafield tag="758" ind1=" " ind2=" ">
      <subfield code="i">has work:</subfield>
      <subfield code="a">Blaine's Outlines of the veterinary art (Text)</subfield>
      <subfield code="1">https://id.oclc.org/worldcat/entity/E39PCG9hQtbmTfpDQ3gKH49MT3</subfield>
      <subfield code="4">https://id.oclc.org/worldcat/ontology/hasWork</subfield>
    </datafield>
    <datafield tag="776" ind1="0" ind2="8">
      <subfield code="i">Online version:</subfield>
      <subfield code="a">Blaine, Delabere P. (Delabere Pritchett).</subfield>
      <subfield code="t">Blaine's Outlines of the veterinary art, or, A treatise on the anatomy, physiology, and curative treatment of the diseases of the horse, and subordinately, of those of neat cattle and sheep .</subfield>
      <subfield code="b">6th ed., rev. throughout, and considerably improved, by the introduction of many important subjects both in the foreign and British practice of the art.</subfield>
      <subfield code="d">London, Longman, Brown, and Co. 1854</subfield>
      <subfield code="w">(OCoLC)920372186</subfield>
    </datafield>
  </record>